000
00320nam a2200133Ia 4500
008
230312s9999||||xx |||||||||||||| ||und||
082
_a
891.4
_b
HUS.R
100
_a
الحاج محمد حسین گوھر
245
0
_a
روزہ
260
_b
Nazaria pakistan
_a
pak
300
_a
192
650
_a
Literature
942
_c
BK
999
_c
15039
_d
15039